000 00922nam a2200205 a 4500
008 120416s1988 ||||||||||||||||| || u
020 _a0471858269
050 _aHG 4028.V3 Smi
100 _aSmith, Gordon V., 1937-
245 1 0 _aCorporate valuation : a business and professional guide /
260 _aNew York :
_bJohn Wiley and Sons
_c1988
300 _axiv, 224p. : ill.
350 _a0.00
490 _aWiley/Ronald-National Association of Accountants professional book series
500 _aBibliography: p. 215-217.
650 _aCORPORATIONS
650 _aBUSINESS ENTERPRISES--VALUATION
995 _aANNEX COLLECTION (Main Library)
_D0.00
_e007514
_FCBU-MAIN LIBRARY (Kitwe)
_H2
_I50.80
_jHG 4028.V3 Smi
_UAVAILABLE
_y007514
_ZAnnex Low-Usage Collection
995 _aANNEX COLLECTION (Main Library)
_D0.00
_e007513
_FCBU-MAIN LIBRARY (Kitwe)
_H1
_I50.80
_jHG 4028.V3 Smi
_UAVAILABLE
_y007513
_ZAnnex Low-Usage Collection
999 _c62533
_d62533